[Event "Santiago op"]
[Site "Santiago de Chile"]
[Date "1992.??.??"]
[Round "3"]
[White "Rodriguez Vila, Andres"]
[Black "Dobson Aguilar, Luis Francisco"]
[Result "1-0"]
[WhiteElo "2360"]
[BlackElo "2230"]
[PlyCount "99"]
[EventDate "1992.??.??"]
[EventType "swiss"]
[EventRounds "9"]
[EventCountry "CHI"]
[SourceTitle "EXT 1998"]
[Source "ChessBase"]
[SourceDate "1997.11.17"]
[SourceVersion "1"]
[SourceVersionDate "1997.11.17"]
[SourceQuality "1"]

1. e4 c5 2. Nf3 e6 3. d4 cxd4 4. Nxd4 Nf6 5. Nc3 Nc6 6. Nxc6 bxc6 7. e5 Nd5 8.
Ne4 Qc7 9. f4 Qa5+ 10. c3 Ba6 11. Be2 Qb6 12. Bxa6 Qxa6 13. Qe2 Qxe2+ 14. Kxe2
f5 15. Nf2 d6 16. Nd3 dxe5 17. Nxe5 Bd6 18. Nd3 O-O-O 19. Kf3 g5 20. Re1 Rhe8
21. g3 g4+ 22. Kg2 Nf6 23. Be3 Kb7 24. Rad1 Ne4 25. Nf2 Nxf2 26. Bxf2 Bc7 27.
Bd4 Rd7 28. Bf6 Rxd1 29. Rxd1 Kc8 30. c4 Rf8 31. Bc3 Rd8 32. Re1 Kd7 33. h3 h5
34. hxg4 hxg4 35. Rh1 Re8 36. Bf6 c5 37. Kf2 a5 38. Bc3 a4 39. Bf6 e5 40. Rh7+
Kc6 41. fxe5 Bxe5 42. Bxe5 Rxe5 43. Ra7 Re4 44. Rxa4 Kd6 45. b3 Ke5 46. Ra8 Kd4
47. Rd8+ Kc3 48. Rd5 Rd4 49. Re5 Rd2+ 50. Ke3 1-0

[Event "Santiago op"]
[Site "Santiago de Chile"]
[Date "1992.??.??"]
[Round "5"]
[White "Rodriguez Vila, Andres"]
[Black "Scarella, Enrique Alejandro"]
[Result "1-0"]
[WhiteElo "2360"]
[BlackElo "2255"]
[PlyCount "97"]
[EventDate "1992.??.??"]
[EventType "swiss"]
[EventRounds "9"]
[EventCountry "CHI"]
[SourceTitle "EXT 1998"]
[Source "ChessBase"]
[SourceDate "1997.11.17"]
[SourceVersion "1"]
[SourceVersionDate "1997.11.17"]
[SourceQuality "1"]

1. e4 c5 2. Nf3 Nc6 3. d4 cxd4 4. Nxd4 g6 5. c4 Bg7 6. Be3 Nf6 7. Nc3 O-O 8.
Be2 d6 9. O-O Bd7 10. Rc1 Nxd4 11. Bxd4 Bc6 12. f3 a5 13. b3 Nd7 14. Be3 Nc5
15. a3 Qd7 16. b4 axb4 17. axb4 Na4 18. Nxa4 Bxa4 19. Qd3 Qe6 20. b5 Qe5 21.
Rf2 f5 22. exf5 Qxf5 23. Qxf5 gxf5 24. f4 e5 25. fxe5 dxe5 26. g4 f4 27. Bd2
Rad8 28. Bf3 e4 29. Bxe4 Bd4 30. Bb4 Rf7 31. Bd5 Rxd5 32. cxd5 Bxf2+ 33. Kxf2
Bxb5 34. Rc8+ Kg7 35. Bc3+ Kh6 36. Rg8 Bc4 37. Bf6 Rxf6 38. g5+ Kh5 39. gxf6
Bxd5 40. Rg7 Kh6 41. h4 b5 42. Rg5 Bc4 43. Kf3 b4 44. Ke4 b3 45. Ke5 b2 46. Rg1
Ba2 47. Kd6 b1=Q 48. Rxb1 Kg6 49. Ke7 1-0

[Event "Santiago op"]
[Site "Santiago de Chile"]
[Date "1992.??.??"]
[Round "7"]
[White "Rodriguez Vila, Andres"]
[Black "Vasquez Schroder, Rodrigo Rafael"]
[Result "0-1"]
[WhiteElo "2360"]
[BlackElo "2475"]
[PlyCount "90"]
[EventDate "1992.??.??"]
[EventType "swiss"]
[EventRounds "9"]
[EventCountry "CHI"]
[SourceTitle "EXT 1998"]
[Source "ChessBase"]
[SourceDate "1997.11.17"]
[SourceVersion "1"]
[SourceVersionDate "1997.11.17"]
[SourceQuality "1"]

1. e4 c5 2. Nf3 d6 3. d4 cxd4 4. Nxd4 Nf6 5. Nc3 a6 6. g3 e6 7. Bg2 Bd7 8. O-O
Nc6 9. b3 Be7 10. Nce2 e5 11. Nf5 Bxf5 12. exf5 Qd7 13. Bh3 d5 14. g4 h5 15. g5
Ne4 16. Kg2 f6 17. f3 Nxg5 18. Bxg5 fxg5 19. Nc3 Nd4 20. f6 g4 21. f7+ Kf8 22.
fxg4 Qc6 23. Qd3 Rc8 24. g5 Qxc3 25. Bxc8 Qxc8 26. Rae1 Qc7 27. c3 Nc6 28. Qf5
h4 29. Qe6 Rh5 30. Rf5 Qd6 31. Qc8+ Bd8 32. Kh1 d4 33. c4 d3 34. Qxb7 Rxg5 35.
Rxg5 Bxg5 36. Rf1 Bf6 37. Qc8+ Kxf7 38. Qb7+ Ne7 39. Rd1 Qd4 40. c5 Qxc5 41.
Qf3 Qd5 42. Rxd3 Qxf3+ 43. Rxf3 Nd5 44. b4 Nxb4 45. Ra3 Bd8 0-1

[Event "Santiago op"]
[Site "Santiago de Chile"]
[Date "1992.??.??"]
[Round "9"]
[White "Rodriguez Vila, Andres"]
[Black "Peralta, Eduardo"]
[Result "1-0"]
[WhiteElo "2360"]
[BlackElo "2255"]
[PlyCount "97"]
[EventDate "1992.??.??"]
[EventType "swiss"]
[EventRounds "9"]
[EventCountry "CHI"]
[SourceTitle "EXT 1998"]
[Source "ChessBase"]
[SourceDate "1997.11.17"]
[SourceVersion "1"]
[SourceVersionDate "1997.11.17"]
[SourceQuality "1"]

1. d4 Nf6 2. Nc3 e6 3. e4 d5 4. exd5 exd5 5. Bd3 Nc6 6. Nge2 Nb4 7. Bb5+ c6 8.
Ba4 Bd6 9. Bf4 O-O 10. O-O a5 11. a3 Na6 12. Qd2 Re8 13. Ng3 Bf8 14. Nce2 Nc7
15. f3 Ne6 16. Be3 g6 17. c3 Bd6 18. Nh1 Qc7 19. g3 b6 20. Rfe1 Bd7 21. Nf2
Rad8 22. Rad1 h5 23. Kg2 h4 24. Nh3 Nh5 25. g4 Nhg7 26. Bf2 f5 27. Bxh4 Kf7 28.
Bc2 Rh8 29. Bg3 Rxh3 30. Kxh3 f4 31. Bf2 Rh8+ 32. Kg2 Ng5 33. Ng1 Bxg4 34. fxg4
Qc8 35. h4 Qxg4+ 36. Kf1 Nf5 37. Bxf5 gxf5 38. hxg5 f3 39. Re5 Bxe5 40. dxe5
Rh1 41. Qe3 f4 42. e6+ Ke7 43. Qe5 Qg2+ 44. Ke1 Rxg1+ 45. Bxg1 Qxg1+ 46. Kd2
Qf2+ 47. Kd3 c5 48. Rd2 c4+ 49. Kc2 1-0

[Event "Santiago op1"]
[Site "Santiago de Chile"]
[Date "1992.??.??"]
[Round "?"]
[White "Bombardiere Rosas, Eduardo"]
[Black "Rodriguez Vila, Andres"]
[Result "0-1"]
[WhiteElo "2265"]
[BlackElo "2425"]
[PlyCount "58"]
[EventDate "1992.??.??"]
[EventType "swiss"]
[EventRounds "11"]
[EventCountry "CHI"]
[SourceTitle "EXT 2005"]
[Source "ChessBase"]
[SourceDate "2004.11.15"]
[SourceVersion "1"]
[SourceVersionDate "2004.11.15"]
[SourceQuality "1"]

1. d4 f5 2. c4 Nf6 3. g3 g6 4. Bg2 Bg7 5. e3 O-O 6. Nf3 d6 7. Nbd2 c6 8. h4 Qe8
9. b3 Na6 10. Bb2 Rb8 11. O-O b5 12. Ng5 bxc4 13. Nxc4 Nb4 14. Bc3 Nbd5 15. Rc1
h6 16. Nh3 Ne4 17. Ba1 g5 18. hxg5 hxg5 19. Na5 Bd7 20. g4 Rb5 21. gxf5 Bxf5
22. Nxc6 Qd7 23. Qe2 Bxh3 24. Qxb5 Kh8 25. Qe2 Bg4 26. Qd3 Nd2 27. Qg6 Nf3+ 28.
Bxf3 Bxf3 29. Qxg5 Qh3 0-1

[Event "Santiago op1"]
[Site "Santiago de Chile"]
[Date "1992.??.??"]
[Round "?"]
[White "Hernandez, Juan"]
[Black "Rodriguez Vila, Andres"]
[Result "0-1"]
[WhiteElo "2355"]
[BlackElo "2360"]
[PlyCount "86"]
[EventDate "1992.??.??"]
[EventType "swiss"]
[EventRounds "11"]
[EventCountry "CHI"]
[SourceTitle "EXT 2005"]
[Source "ChessBase"]
[SourceDate "2004.11.15"]
[SourceVersion "1"]
[SourceVersionDate "2004.11.15"]
[SourceQuality "1"]

1. e4 d5 2. exd5 Qxd5 3. Nc3 Qa5 4. d4 Nf6 5. Nf3 Bg4 6. h3 Bh5 7. g4 Bg6 8.
Bd2 e6 9. Ne5 Bb4 10. Bg2 Qb6 11. Qe2 c6 12. h4 Qxd4 13. O-O-O Bxc3 14. Bxc3
Qf4+ 15. Kb1 Be4 16. Rd4 Qxe5 17. Rd8+ Kxd8 18. Bxe5 Bxg2 19. Rd1+ Nbd7 20.
Bxf6+ gxf6 21. f3 Bxf3 22. Qxf3 Ke8 23. Qb3 Rb8 24. Qa3 Rg8 25. Qxa7 Rxg4 26.
b3 Rg8 27. a4 Ke7 28. a5 Rgd8 29. a6 f5 30. axb7 f4 31. Qa3+ c5 32. Qa6 Ne5 33.
Rf1 Rd4 34. Qa7 Nd7 35. Kc1 Rb4 36. Rd1 R8xb7 37. Qa6 R4b6 38. Qd3 Ra7 39. Qxh7
Ra1+ 40. Kd2 Rd6+ 41. Kc3 Raxd1 42. Qh6 e5 43. Qg5+ Rf6 0-1

[Event "Santiago op1"]
[Site "Santiago de Chile"]
[Date "1992.??.??"]
[Round "?"]
[White "Nogueiras Santiago, Jesus"]
[Black "Rodriguez Vila, Andres"]
[Result "1-0"]
[WhiteElo "2550"]
[BlackElo "2360"]
[PlyCount "63"]
[EventDate "1992.??.??"]
[EventType "swiss"]
[EventRounds "11"]
[EventCountry "CHI"]
[SourceTitle "EXT 2005"]
[Source "ChessBase"]
[SourceDate "2004.11.15"]
[SourceVersion "1"]
[SourceVersionDate "2004.11.15"]
[SourceQuality "1"]

1. d4 Nf6 2. Nf3 c5 3. e3 b6 4. Bd3 g6 5. c4 Bg7 6. Nc3 d6 7. O-O Nc6 8. d5 Nb4
9. Be2 O-O 10. a3 Na6 11. e4 Nc7 12. Bf4 Nh5 13. Bg5 h6 14. Be3 e5 15. dxe6
fxe6 16. Qd2 Kh7 17. Rfd1 Rf7 18. Qxd6 Qh8 19. g4 Ne8 20. Qc6 Bb7 21. Qxe6 Rf6
22. Qe7 Bc6 23. gxh5 Rc8 24. Nd5 Bxd5 25. Rxd5 Qg8 26. e5 Rc7 27. exf6 Rxe7 28.
fxe7 gxh5 29. Bd3+ Kh8 30. Kh1 Qe6 31. Nh4 Kg8 32. Nf5 1-0

[Event "Santiago op1"]
[Site "Santiago de Chile"]
[Date "1992.??.??"]
[Round "?"]
[White "Rodriguez Vila, Andres"]
[Black "Egger Mancilla, Jorge Alejandro"]
[Result "1-0"]
[WhiteElo "2360"]
[BlackElo "2355"]
[PlyCount "77"]
[EventDate "1992.??.??"]
[EventType "swiss"]
[EventRounds "11"]
[EventCountry "CHI"]
[SourceTitle "EXT 2005"]
[Source "ChessBase"]
[SourceDate "2004.11.15"]
[SourceVersion "1"]
[SourceVersionDate "2004.11.15"]
[SourceQuality "1"]

1. e4 e5 2. Nf3 Nc6 3. Bb5 a6 4. Ba4 Nf6 5. d3 b5 6. Bb3 Be7 7. Nc3 d6 8. a4 b4
9. Nd5 Na5 10. Nxb4 Rb8 11. Bd2 c5 12. Na2 Nxb3 13. cxb3 Be6 14. b4 Bxa2 15.
Rxa2 cxb4 16. a5 O-O 17. O-O Qd7 18. Qb3 Rb5 19. Re1 Bd8 20. Ra4 Bxa5 21. Rea1
Qc7 22. Qc4 Qd8 23. Bg5 d5 24. exd5 Rxd5 25. g3 Bc7 26. Bxf6 gxf6 27. Rxa6 f5
28. Nh4 Rd4 29. Qc1 f4 30. Ra8 Qd7 31. Rxf8+ Kxf8 32. Ra7 fxg3 33. hxg3 Rxh4
34. Qc5+ Kg8 35. Rxc7 Qe6 36. Rc8+ Kg7 37. Qf8+ Kf6 38. Qd8+ Kg7 39. Qg5+ 1-0

[Event "Santiago op1"]
[Site "Santiago de Chile"]
[Date "1992.??.??"]
[Round "?"]
[White "Silva Lillo, Sebastian"]
[Black "Rodriguez Vila, Andres"]
[Result "0-1"]
[WhiteElo "2355"]
[BlackElo "2360"]
[PlyCount "76"]
[EventDate "1992.??.??"]
[EventType "swiss"]
[EventRounds "11"]
[EventCountry "CHI"]
[SourceTitle "EXT 2005"]
[Source "ChessBase"]
[SourceDate "2004.11.15"]
[SourceVersion "1"]
[SourceVersionDate "2004.11.15"]
[SourceQuality "1"]

1. d4 e6 2. c4 Bb4+ 3. Bd2 a5 4. Nf3 Nf6 5. g3 Qe7 6. Bg2 Bxd2+ 7. Nbxd2 d6 8.
O-O O-O 9. Rc1 e5 10. e4 Bg4 11. Qc2 Nc6 12. d5 Nb4 13. Qb1 Na6 14. b3 Bxf3 15.
Bxf3 Nd7 16. a3 g6 17. Bg4 f5 18. Bh3 Qg5 19. Qc2 Qh5 20. Bg2 f4 21. Bf3 Qg5
22. Qc3 h5 23. b4 axb4 24. axb4 Nf6 25. Kg2 h4 26. c5 dxc5 27. bxc5 fxg3 28.
hxg3 Rf7 29. d6 hxg3 30. fxg3 Nxc5 31. dxc7 Rxc7 32. Nc4 Ra2+ 33. Nb2 Ne6 34.
Qb3 Rxb2+ 35. Qxb2 Nf4+ 36. Kh1 Rh7+ 37. Kg1 Qxg3+ 38. Bg2 Nh3+ 0-1

[Event "URU-ch"]
[Site "Montevideo"]
[Date "1992.??.??"]
[Round "6"]
[White "Bauza, Alejandro"]
[Black "Rodriguez Vila, Andres"]
[Result "0-1"]
[WhiteElo "2265"]
[BlackElo "2315"]
[PlyCount "64"]
[EventDate "1992.??.??"]
[EventType "tourn"]
[EventRounds "12"]
[EventCountry "URU"]
[SourceTitle "EXT 1999"]
[Source "ChessBase"]
[SourceDate "1998.11.16"]
[SourceVersion "1"]
[SourceVersionDate "1998.11.16"]
[SourceQuality "1"]

1. Nf3 f5 2. g3 Nf6 3. Bg2 g6 4. O-O Bg7 5. c4 O-O 6. Nc3 d6 7. d3 Nc6 8. Rb1
e5 9. b4 h6 10. b5 Ne7 11. c5 Be6 12. cxd6 cxd6 13. Qa4 Nfd5 14. Nxd5 Nxd5 15.
Bb2 Qd7 16. Qa5 Rac8 17. Rfc1 b6 18. Qa4 Rxc1+ 19. Rxc1 Rc8 20. Rc6 a5 21. Nd2
Nb4 22. Rxc8+ Qxc8 23. a3 Qc2 24. Qxc2 Nxc2 25. e3 e4 26. d4 Ba2 27. Bf1 d5 28.
a4 Bf8 29. Bc3 g5 30. Be2 f4 31. Bd1 fxe3 32. Nxe4 e2 0-1

[Event "URU-ch"]
[Site "Montevideo"]
[Date "1992.??.??"]
[Round "8"]
[White "Lamas Baliero, Pedro"]
[Black "Rodriguez Vila, Andres"]
[Result "0-1"]
[WhiteElo "2205"]
[BlackElo "2315"]
[PlyCount "62"]
[EventDate "1992.??.??"]
[EventType "tourn"]
[EventRounds "12"]
[EventCountry "URU"]
[SourceTitle "EXT 1999"]
[Source "ChessBase"]
[SourceDate "1998.11.16"]
[SourceVersion "1"]
[SourceVersionDate "1998.11.16"]
[SourceQuality "1"]

1. d4 f5 2. g3 Nf6 3. Bg2 g6 4. Nh3 Bg7 5. Nd2 O-O 6. c3 c6 7. O-O d6 8. Qb3+
e6 9. e4 Kh8 10. exf5 exf5 11. Nc4 b5 12. Na3 Ne4 13. f3 Nf6 14. Bg5 Na6 15.
Nf4 Nc7 16. Rfe1 Bd7 17. Re2 Be8 18. Ne6 Nxe6 19. Qxe6 Bf7 20. Bxf6 Bxf6 21.
Qe3 Qb6 22. Qd3 c5 23. dxc5 dxc5 24. Kh1 b4 25. cxb4 cxb4 26. Nc4 Qb5 27. Rc2
Rfd8 28. Qf1 f4 29. gxf4 Qf5 30. Qc1 Rac8 31. Rb1 Rxc4 0-1

[Event "URU-ch"]
[Site "Montevideo"]
[Date "1992.??.??"]
[Round "10"]
[White "Rodriguez Vila, Andres"]
[Black "Escofet Fernandez, Jaime"]
[Result "1-0"]
[WhiteElo "2315"]
[BlackElo "2225"]
[PlyCount "81"]
[EventDate "1992.??.??"]
[EventType "tourn"]
[EventRounds "12"]
[EventCountry "URU"]
[SourceTitle "EXT 1999"]
[Source "ChessBase"]
[SourceDate "1998.11.16"]
[SourceVersion "1"]
[SourceVersionDate "1998.11.16"]
[SourceQuality "1"]

1. d4 Nf6 2. Nf3 g6 3. c4 Bg7 4. Nc3 d5 5. e3 O-O 6. Be2 c5 7. O-O cxd4 8. exd4
Nc6 9. Bg5 Ne4 10. cxd5 Nxc3 11. bxc3 Qxd5 12. Re1 Bg4 13. Qd2 Rac8 14. Rab1
Qd7 15. h3 Be6 16. Bb5 a6 17. Ba4 b5 18. Bb3 Bxb3 19. axb3 e6 20. Bh6 Rfd8 21.
Bxg7 Kxg7 22. b4 Qd6 23. Rbd1 a5 24. bxa5 Nxa5 25. Re4 h6 26. Rh4 Rh8 27. Re1
Nc4 28. Qc1 Qa3 29. Qf4 Qxc3 30. Rg4 Qd3 31. h4 Rhf8 32. Re4 Rce8 33. h5 Qa3
34. Qg3 g5 35. d5 exd5 36. Rxg5+ Kh8 37. Rxe8 Rxe8 38. Rxd5 Qb2 39. Qf4 Kg7 40.
Nd4 Qb1+ 41. Kh2 1-0

[Event "URU-ch"]
[Site "Montevideo"]
[Date "1992.??.??"]
[Round "11"]
[White "Roselli Mailhe, Bernardo"]
[Black "Rodriguez Vila, Andres"]
[Result "0-1"]
[WhiteElo "2350"]
[BlackElo "2315"]
[PlyCount "81"]
[EventDate "1992.??.??"]
[EventType "tourn"]
[EventRounds "12"]
[EventCountry "URU"]
[SourceTitle "EXT 1999"]
[Source "ChessBase"]
[SourceDate "1998.11.16"]
[SourceVersion "1"]
[SourceVersionDate "1998.11.16"]
[SourceQuality "1"]

1. c4 e6 2. Nc3 Nf6 3. Nf3 Bb4 4. g3 c5 5. Bg2 Nc6 6. O-O O-O 7. b3 d5 8. Bb2
d4 9. Na4 Qd6 10. d3 Rd8 11. a3 Ba5 12. Nxc5 Qxc5 13. b4 Bxb4 14. axb4 Qxb4 15.
Qc2 Qe7 16. Rfb1 Qc7 17. c5 e5 18. Nd2 Be6 19. Ba3 Bd5 20. Nc4 Rab8 21. Nd6
Bxg2 22. Kxg2 Nd5 23. Qc4 Nc3 24. Nb5 Nxb5 25. Rxb5 e4 26. Bc1 Ne5 27. Bf4 exd3
28. Bxe5 Qxe5 29. exd3 a6 30. Rb4 Qc7 31. Rab1 h5 32. h4 Qc6+ 33. Kg1 Rd5 34.
Re1 Rc8 35. Qb3 b5 36. Ra1 Rxc5 37. Rxd4 Qf6 38. Qb4 Rc1+ 39. Rxc1 Rxc1+ 40.
Kg2 Qc6+ 41. Re4 0-1

[Event "URU-ch"]
[Site "Montevideo"]
[Date "1992.??.??"]
[Round "12"]
[White "Rodriguez Vila, Andres"]
[Black "Perchman, Daniel"]
[Result "1/2-1/2"]
[WhiteElo "2315"]
[BlackElo "2245"]
[PlyCount "28"]
[EventDate "1992.??.??"]
[EventType "tourn"]
[EventRounds "12"]
[EventCountry "URU"]
[SourceTitle "EXT 1999"]
[Source "ChessBase"]
[SourceDate "1998.11.16"]
[SourceVersion "1"]
[SourceVersionDate "1998.11.16"]
[SourceQuality "1"]

1. e4 c5 2. Nf3 Nc6 3. d4 cxd4 4. Nxd4 Nf6 5. Nc3 e5 6. Ndb5 d6 7. Bg5 a6 8.
Bxf6 gxf6 9. Na3 b5 10. Nd5 f5 11. c3 Bg7 12. exf5 Bxf5 13. Nc2 O-O 14. a4 bxa4
{..} 1/2-1/2

[Event "Buenos Aires op1"]
[Site "Buenos Aires"]
[Date "1993.??.??"]
[Round "2"]
[White "Rodriguez Vila, Andres"]
[Black "Bonaveri, Agustin"]
[Result "1/2-1/2"]
[WhiteElo "2445"]
[BlackElo "2180"]
[PlyCount "114"]
[EventDate "1993.??.??"]
[EventType "swiss"]
[EventRounds "7"]
[EventCountry "ARG"]
[SourceTitle "EXT 2000"]
[Source "ChessBase"]
[SourceDate "1999.11.16"]
[SourceVersion "1"]
[SourceVersionDate "1999.11.16"]
[SourceQuality "1"]

1. e4 c5 2. Nf3 Nc6 3. d4 cxd4 4. Nxd4 g6 5. Ne2 Bg7 6. g3 Nf6 7. Bg2 d6 8. O-O
O-O 9. Nbc3 Bg4 10. h3 Bxe2 11. Nxe2 a6 12. a4 Qc7 13. c3 Rab8 14. Be3 Rfc8 15.
f4 Na5 16. Ba7 Ra8 17. Bf2 Qc4 18. Qc2 Nb3 19. Ra3 Na5 20. Rc1 Nd7 21. b3 Qc7
22. Qa2 Rab8 23. c4 b6 24. Qb1 Nc6 25. Ra2 Nb4 26. Rd2 Nc5 27. Rdd1 Ne6 28. Kh2
a5 29. Nc3 Bxc3 30. Rxc3 Nc5 31. h4 Re8 32. Rf3 Rbd8 33. h5 Nc6 34. Be1 e5 35.
f5 g5 36. h6 f6 37. Bf2 Qe7 38. g4 Qf8 39. Rh3 Qe7 40. Qb2 Kh8 41. Qd2 Nb4 42.
Be1 Kg8 43. Qb2 Nca6 44. Bc3 Qc7 45. Qd2 Qc5 46. Rh5 Kf7 47. Qe2 Rg8 48. Be1
Qc7 49. Rc1 Nc5 50. Rh3 Ke7 51. Bxb4 axb4 52. Qd2 Na6 53. Qd3 Qc8 54. Ra1 Nc5
55. a5 Qa8 56. Qd2 bxa5 57. Re3 Rb8 1/2-1/2

[Event "Buenos Aires op1"]
[Site "Buenos Aires"]
[Date "1993.??.??"]
[Round "6"]
[White "Rodriguez Vila, Andres"]
[Black "Szmetan, Jorge"]
[Result "0-1"]
[WhiteElo "2445"]
[BlackElo "2420"]
[PlyCount "96"]
[EventDate "1993.??.??"]
[EventType "swiss"]
[EventRounds "7"]
[EventCountry "ARG"]
[SourceTitle "EXT 2000"]
[Source "ChessBase"]
[SourceDate "1999.11.16"]
[SourceVersion "1"]
[SourceVersionDate "1999.11.16"]
[SourceQuality "1"]

1. e4 Nf6 2. Nc3 d5 3. e5 d4 4. Nce2 Ng4 5. f4 h5 6. Nf3 c5 7. Ng3 g6 8. Bd3 e6
9. O-O Be7 10. Qe2 Qb6 11. b3 Bd7 12. Ne4 Na6 13. a3 Nc7 14. Nfg5 Bb5 15. a4
Bxd3 16. Qxd3 Nd5 17. Ba3 Qc6 18. Rae1 b6 19. Qf3 Nh6 20. c4 dxc3 21. dxc3 Nf5
22. Kh1 Bxg5 23. fxg5 O-O-O 24. c4 Nde7 25. Nd6+ Nxd6 26. Qxc6+ Nxc6 27. exd6
Rhf8 28. Rd1 Nd4 29. b4 Nc2 30. Bc1 cxb4 31. Rf2 Na3 32. Bb2 Rd7 33. Bg7 Rfd8
34. Rdf1 Rxd6 35. Rxf7 R6d7 36. Rxd7 Rxd7 37. Bf8 a5 38. c5 bxc5 39. Bxc5 Rd5
40. Be7 Kd7 41. Bf6 e5 42. h4 b3 43. g4 hxg4 44. h5 b2 45. hxg6 Rc5 46. Rd1+
Ke6 47. g7 Rc8 48. Bd8 Kf7 0-1

[Event "Buenos Aires op2"]
[Site "Buenos Aires"]
[Date "1993.??.??"]
[Round "2"]
[White "Rodriguez Vila, Andres"]
[Black "Papadopulos, Daniel"]
[Result "1-0"]
[WhiteElo "2445"]
[BlackElo "2205"]
[PlyCount "51"]
[EventDate "1993.??.??"]
[EventType "swiss"]
[EventRounds "7"]
[EventCountry "ARG"]
[SourceTitle "EXT 2000"]
[Source "ChessBase"]
[SourceDate "1999.11.16"]
[SourceVersion "1"]
[SourceVersionDate "1999.11.16"]
[SourceQuality "1"]

1. e4 e5 2. Nf3 d6 3. d4 Nf6 4. Nc3 Nbd7 5. Bc4 Be7 6. Qe2 O-O 7. O-O c6 8. a4
Qc7 9. dxe5 dxe5 10. a5 Nc5 11. h3 Ne6 12. Be3 Nh5 13. g3 g6 14. Rfd1 Re8 15.
h4 Nef4 16. gxf4 exf4 17. Bd4 Bg4 18. Qd3 Rad8 19. Ne5 Bf6 20. Nxg4 Bxd4 21.
Qf3 Kg7 22. Rd3 Bc5 23. e5 Qe7 24. Ne4 Qxh4 25. Nxc5 f5 26. exf6+ 1-0

[Event "Buenos Aires op2"]
[Site "Buenos Aires"]
[Date "1993.??.??"]
[Round "3"]
[White "Juarez, Alberto"]
[Black "Rodriguez Vila, Andres"]
[Result "1/2-1/2"]
[WhiteElo "2280"]
[BlackElo "2445"]
[PlyCount "78"]
[EventDate "1993.??.??"]
[EventType "swiss"]
[EventRounds "7"]
[EventCountry "ARG"]
[SourceTitle "EXT 2000"]
[Source "ChessBase"]
[SourceDate "1999.11.16"]
[SourceVersion "1"]
[SourceVersionDate "1999.11.16"]
[SourceQuality "1"]

1. e4 d5 2. exd5 Qxd5 3. Nc3 Qa5 4. d4 Nf6 5. Bd2 c6 6. Bd3 Bg4 7. Ne4 Qh5 8.
Nxf6+ gxf6 9. Ne2 Rg8 10. c3 Bf5 11. Bxf5 Qxf5 12. Ng3 Qd5 13. Qb3 Nd7 14. O-O
e6 15. c4 Qxd4 16. Be3 Qe5 17. Qxb7 Rd8 18. Rfe1 c5 19. Rad1 Rg4 20. f4 Rxf4
21. Bxf4 Qxf4 22. Re4 Qg5 23. Re2 Bh6 24. Ne4 Qg6 25. Nd6+ Ke7 26. Nc8+ Ke8 27.
Nxa7 Qg4 28. Qe4 Qxe4 29. Rxe4 Ra8 30. Nb5 Ke7 31. a3 f5 32. Re2 Bg7 33. Rd5 f4
34. Rh5 h6 35. Nc7 Ra4 36. Nd5+ Kd6 37. Nxf4 Rxc4 38. Rd2+ Kc6 39. Ne2 Nf6
1/2-1/2

[Event "Buenos Aires op2"]
[Site "Buenos Aires"]
[Date "1993.??.??"]
[Round "6"]
[White "Rodriguez Vila, Andres"]
[Black "Valerga, Diego"]
[Result "0-1"]
[WhiteElo "2445"]
[BlackElo "2325"]
[PlyCount "80"]
[EventDate "1993.??.??"]
[EventType "swiss"]
[EventRounds "7"]
[EventCountry "ARG"]
[SourceTitle "EXT 2000"]
[Source "ChessBase"]
[SourceDate "1999.11.16"]
[SourceVersion "1"]
[SourceVersionDate "1999.11.16"]
[SourceQuality "1"]

1. e4 c5 2. Nf3 e6 3. Nc3 Nc6 4. d4 cxd4 5. Nxd4 d6 6. Be3 Nf6 7. Bc4 Be7 8.
Qe2 a6 9. O-O-O Qc7 10. Rhg1 Na5 11. Bd3 b5 12. g4 Bb7 13. g5 Nd7 14. f4 b4 15.
Nb1 Nc5 16. Nd2 Nxd3+ 17. Qxd3 d5 18. e5 g6 19. h4 Nc4 20. b3 Nxe3 21. Qxe3 Rc8
22. Nb1 Bc5 23. Rg2 Qb6 24. h5 Rc7 25. Rh2 O-O 26. Rhd2 Rfc8 27. Rh2 a5 28. Kb2
a4 29. f5 exf5 30. Qf4 axb3 31. axb3 Re8 32. Re2 Ba6 33. Red2 Rce7 34. Re1 Qc7
35. Nf3 Bb7 36. Rde2 d4 37. Nbd2 Ra8 38. Rb1 Ra2+ 39. Kc1 d3 40. cxd3 Bxf3 0-1

[Event "Buenos Aires op3"]
[Site "Buenos Aires"]
[Date "1993.??.??"]
[Round "6"]
[White "Campos Gambuti, Luis Maria"]
[Black "Rodriguez Vila, Andres"]
[Result "0-1"]
[WhiteElo "2340"]
[BlackElo "2445"]
[PlyCount "68"]
[EventDate "1993.??.??"]
[EventType "swiss"]
[EventRounds "7"]
[EventCountry "ARG"]
[SourceTitle "EXT 2000"]
[Source "ChessBase"]
[SourceDate "1999.11.16"]
[SourceVersion "1"]
[SourceVersionDate "1999.11.16"]
[SourceQuality "1"]

1. d4 e6 2. c4 Nf6 3. Nc3 Bb4 4. Qc2 O-O 5. a3 Bxc3+ 6. Qxc3 b6 7. Bg5 Bb7 8.
e3 c5 9. dxc5 bxc5 10. f3 Nc6 11. O-O-O Rc8 12. Bxf6 gxf6 13. Kb1 d5 14. cxd5
Ne7 15. e4 exd5 16. Qxf6 Rc6 17. Qg5+ Rg6 18. Qh4 Qd7 19. Ne2 Rb6 20. Qg4+ Qxg4
21. fxg4 d4 22. Ng3 Ng6 23. Rc1 Rc8 24. Be2 Nf4 25. Bf3 Ba6 26. Ka1 Rcb8 27.
Rc2 Bd3 28. Rxc5 Rxb2 29. Rhc1 Ba6 30. Rc6 Nd3 31. Rd1 Bb5 32. Rc7 Ba4 33. Rc8+
Rxc8 34. Rxd3 Rcb8 0-1

[Event "Miraflores"]
[Site "Miraflores"]
[Date "1993.??.??"]
[Round "2"]
[White "Rodriguez Vila, Andres"]
[Black "Bravo Sedamanos, Hector"]
[Result "0-1"]
[WhiteElo "2445"]
[BlackElo "2300"]
[PlyCount "106"]
[EventDate "1993.??.??"]
[EventType "tourn"]
[EventRounds "11"]
[EventCountry "PER"]
[EventCategory "4"]
[SourceTitle "EXT 1999"]
[Source "ChessBase"]
[SourceDate "1998.11.16"]
[SourceVersion "1"]
[SourceVersionDate "1998.11.16"]
[SourceQuality "1"]

1. e4 e5 2. Nf3 Nc6 3. Bb5 a6 4. Ba4 d6 5. O-O Nf6 6. d4 b5 7. Bb3 Nxd4 8. Nxd4
exd4 9. a4 Rb8 10. axb5 axb5 11. Qxd4 Be7 12. Nc3 c5 13. Qd1 c4 14. Ba2 O-O 15.
Re1 Re8 16. Bf4 Bg4 17. f3 Be6 18. Qd2 Qb6+ 19. Be3 Qc6 20. Rad1 Qa6 21. Ra1
Qb7 22. Bd4 Ra8 23. b4 h6 24. Ne2 Nd7 25. Bb1 Rxa1 26. Bxa1 Ra8 27. Bd4 Ne5 28.
c3 Ra1 29. Bf2 Ng6 30. Nd4 Bg5 31. Qb2 Ra6 32. g3 Bh3 33. Bc2 Bf6 34. f4 Ne7
35. Bd1 Nc6 36. g4 Nxd4 37. cxd4 Qa8 38. Qe2 Ra2 39. Qf3 Ra3 40. Re3 Ra1 41.
Re1 Ra3 42. Re3 Rxe3 43. Bxe3 Qa1 44. e5 c3 45. Qe2 Bd8 46. Kf2 Bh4+ 47. Kg1 c2
48. Qxc2 Bxg4 49. exd6 Qxd1+ 50. Qxd1 Bxd1 51. d5 Kf8 52. Bd4 g6 53. Kg2 Ke8
0-1